000 00634nam a2200217 i 4500
001 bgj
245 1 0 _aEs hat geschellt :
_beine Auswahl der besten Schulgeschichten /
_causgewählt von Fritz Fröhling ; ill. von Horst Lemke.
260 _aHamburg :
_bMosaik Verlag,
_c[1965]
300 _a415, [1] s. :
_bil. ;
_c21 cm.
490 1 _aMosaik-Bücherei
_v8232
650 9 _aPowieść niemiecka
700 1 _aFRÖHLING, Fritz.
700 1 _aLEMKE, Horst.
830 _aMosaik-Bücherei
040 _cBPK
041 0 _ager
044 _aDEU
080 _a821.112.2-3
942 _cKS
008 s gw f |000 0 ger
999 _c50533
_d50533
856 _uhttp://koha.tu.koszalin.pl/cgi-bin/koha/opac-detail.pl?biblionumber=50533
_yKatalog online BPK